000 00635cam a22002053a 4500
001 40749
003 PGUSA
005 20140828083918.0
008 120913s2012||||xxu|||||s|||||000 | eng d
040 _aPGUSA
_beng
042 _adc
100 1 _aRussell, William Howard,
_cSir,
_d1820-1907
245 1 4 _aThe Civil War in America :
_bFuller's Modern Age, August 1861
_h[electronic resource] /
_cWilliam Howard, Russell
260 _bProject Gutenberg,
_c2012
506 _aPublic domain in the USA.
516 _aElectronic text
830 0 _aProject Gutenberg
_v40749
856 4 0 _uhttp://www.gutenberg.org/ebooks/40749
942 _cEB
999 _c270001
_d270001